[Event "Asia Nations online Cup (Women)"]
[Site "Chess.com INT"]
[Date "2020.10.11"]
[Round "3.11"]
[White "Abdulzahra, Sali Abbas"]
[Black "Ding, Dao En"]
[Result "1/2-1/2"]
[WhiteElo "1911"]
[BlackElo "1799"]
[PlyCount "65"]
[EventDate "2020.10.11"]
[EventType "team-swiss (rapid)"]
[EventRounds "9"]
[EventCountry "IND"]
[SourceTitle "CBM 198 Extra"]
[Source "ChessBase"]
[SourceDate "2020.11.30"]
[SourceVersion "1"]
[SourceVersionDate "2020.11.30"]
[SourceQuality "1"]
[WhiteTeam "Iraq (W)"]
[BlackTeam "Malaysia (W)"]
[WhiteTeamCountry "IRQ"]
[BlackTeamCountry "MAS"]

1. e4 c5 2. Nf3 d6 3. d4 Nf6 4. Nc3 cxd4 5. Nxd4 Nc6 6. Be2 e5 7. Nf3 Be7 8. 0-0 0-0 9. h3 h6 10. Be3 Be6 11. a3 Rc8 12. Qd3 a6 13. Nd5 Bxd5 14. exd5 e4 15. Qd2 exf3 16. dxc6 fxe2 17. Qxe2 Rxc6 18. Rfe1 Re8 19. Bd4 Rc8 20. Qf3 Qc7 21. Qg3 Kh8 22. c3 b5 23. Re3 Kg8 24. Rae1 Kf8 25. Qf3 Qd7 26. Qe2 d5 27. Qd3 Ne4 28. f3 Nf6 29. b4 Kg8 30. Qe2 Kf8 31. Qd3 Qc6 32. Qe2 Qd7 33. Qd3 1/2-1/2

[Event "Pattaya op 1st"]
[Site "Pattaya"]
[Date "2019.07.11"]
[Round "3"]
[White "Ding, Dao En"]
[Black "Habla, Jony"]
[Result "0-1"]
[WhiteElo "1722"]
[BlackElo "2176"]
[PlyCount "116"]
[EventDate "2019.07.09"]
[EventType "swiss"]
[EventRounds "9"]
[EventCountry "THA"]
[SourceTitle "EXT 2020"]
[Source "ChessBase"]
[SourceDate "2019.10.17"]
[SourceVersion "1"]
[SourceVersionDate "2019.10.17"]
[SourceQuality "1"]

1. d4 d5 2. Nf3 Nf6 3. Bf4 Nh5 4. Bg3 Nxg3 5. hxg3 Nd7 6. e3 g6 7. c4 e6 8. Nc3 c6 9. Qd2 f5 10. 0-0-0 Bg7 11. e4 fxe4 12. Ng5 Nf8 13. f3 h5 14. f4 Bh6 15. Nh3 Nh7 16. Be2 Nf6 17. Kb1 Qe7 18. Rdf1 Bd7 19. Qc2 0-0-0 20. Na4 Bg7 21. Qb3 Kb8 22. Rc1 Bc8 23. cxd5 Nxd5 24. Rxc6 Qb4 25. Qxb4 Nxb4 26. Rc4 Rxd4 27. Rxd4 Bxd4 28. Rd1 e5 29. Ng5 Bf5 30. a3 e3+ 31. Ka1 Bc2 32. Rc1 Bxa4 33. axb4 exf4 34. gxf4 Bb3 35. Bd3 Rf8 36. g3 Rf6 37. Nf3 Rd6 38. Bxg6 Ra6+ 39. Kb1 Ba2+ 40. Kc2 Rc6+ 41. Kd1 Rxg6 42. Nxd4 Rd6 43. Ke2 Rxd4 44. Kxe3 Rxb4 45. f5 Rxb2 46. f6 Rb6 47. Rf1 Bf7 48. Ke4 a5 49. Kf5 Rb5+ 50. Ke4 a4 51. Ra1 Rg5 52. Kf4 Rg4+ 53. Ke5 Kc7 54. Rc1+ Rc4 55. Re1 a3 56. Ra1 Rc3 57. Kf4 a2 58. g4 Rc4+ 0-1

[Event "Penang op 10th"]
[Site "Penang"]
[Date "2018.12.05"]
[Round "5"]
[White "Ang, Jing Xuan"]
[Black "Ding, Dao En"]
[Result "1-0"]
[WhiteElo "1731"]
[BlackElo "1558"]
[PlyCount "61"]
[EventDate "2018.12.03"]
[EventType "swiss"]
[EventRounds "9"]
[EventCountry "MAS"]
[SourceTitle "CBM 187 Extra"]
[Source "ChessBase"]
[SourceDate "2018.11.04"]
[SourceVersion "1"]
[SourceVersionDate "2018.11.04"]
[SourceQuality "1"]

1. e4 c5 2. Nf3 Nc6 3. Bb5 g6 4. 0-0 Bg7 5. Re1 e5 6. b4 cxb4 7. a3 Nge7 8. axb4 0-0 9. c3 d5 10. d3 h6 11. exd5 Qxd5 12. Bc4 Qd8 13. Ba3 Re8 14. Qb3 Rf8 15. Qc2 Qc7 16. b5 Nb8 17. Bxe7 Qxe7 18. Nbd2 Bf5 19. Qb3 Nd7 20. d4 Qd6 21. Bd5 Qc7 22. Nc4 exd4 23. cxd4 Nf6 24. Ne3 Be4 25. Bxe4 Nxe4 26. Nd5 Nc5 27. dxc5 Qxc5 28. Rac1 Qd6 29. Rcd1 Qc5 30. Re7 b6 31. Rc7 1-0

[Event "Titled Tuesday intern op 1st Sept"]
[Site "Chess.com INT"]
[Date "2015.09.01"]
[Round "2"]
[White "Niemann, Hans Moke"]
[Black "Ding, Dao En"]
[Result "1-0"]
[WhiteElo "2114"]
[BlackElo "1305"]
[PlyCount "121"]
[EventDate "2015.09.01"]
[EventType "swiss (blitz)"]
[EventRounds "9"]
[EventCountry "USA"]
[SourceTitle "EXT 2021"]
[Source "ChessBase"]
[SourceDate "2020.10.23"]
[SourceVersion "1"]
[SourceVersionDate "2020.10.23"]
[SourceQuality "1"]

1. d4 Nf6 2. c4 g6 3. Nc3 d5 4. Nf3 Bg7 5. Bg5 Ne4 6. cxd5 Nxg5 7. Nxg5 e6 8. Qd2 exd5 9. Qe3+ Kf8 10. Qf4 Bf6 11. h4 c6 12. 0-0-0 h6 13. Nf3 Kg7 14. g4 h5 15. g5 Be7 16. Ne5 Rf8 17. Bh3 Bxh3 18. Rxh3 Nd7 19. e4 dxe4 20. Nxe4 Nb6 21. Rf3 Nd5 22. Qd2 a5 23. Rg1 a4 24. Qc2 a3 25. b3 Nb4 26. Qc4 Qd5 27. Qxd5 cxd5 28. Nc3 Rac8 29. Kb1 Bd6 30. Nd7 Rfe8 31. Nf6 Red8 32. Re1 Bf8 33. Rfe3 Nc6 34. Rd1 Nb4 35. Rde1 Nc6 36. Rd1 Nb4 37. Rf3 Be7 38. Re1 Bxf6 39. gxf6+ Kf8 40. Re7 Nc6 41. Rxb7 Nxd4 42. Rd3 Nf5 43. Rxd5 Rxd5 44. Nxd5 Nxh4 45. Rd7 Nf5 46. Nb6 Re8 47. Rd3 h4 48. Nd5 Kg8 49. b4 Re1+ 50. Kc2 Re2+ 51. Kb3 Rxf2 52. b5 Nd6 53. Ne7+ Kh7 54. Rxd6 h3 55. Rd3 Kh6 56. Rxh3+ Kg5 57. Kxa3 Rxf6 58. Nc6 Kg4 59. Rb3 Rf5 60. b6 Ra5+ 61. Nxa5 1-0